000 00925cam a22003017a 4500
003 CHAP
005 20220329134619.0
008 971013s1944 r 00010 d
010 _a23035
011 _a24007
035 _a28106
040 _cCHAP
090 _aTesis
100 0 0 _aAviles, Enrique G.
_98856
245 1 4 _aLos parques nacionales en la República Mexicana
260 _aChapingo, Méx. :
_bEl autor,
_c1944
300 _a49 h
502 _aTesis (Ing. Agr. Esp. en Bosques) -- ENA. Departamento de bosques
590 _aALEPH
_b10
_c20130110
_lUCH01
_h1247
590 _aBATCH-UPD
_b10
_c20130110
_lUCH01
_h2154
590 _aBATCH-UPD
_b10
_c20130410
_lUCH01
_h1502
590 _aBATCH-UPD
_b10
_c20130914
_lUCH01
_h2117
590 _aCONVERSION
_b10
_c20130109
_lUCH01
_h1314
650 1 4 _aParques nacionales
_xMéxico.
_985711
901 _aBK
942 _cTESIS
949 _bBC
_cTES
_d-64874
_eTS1
_i28106
_si
999 _c23035
_d23035